00981nam a2200241 a 450000100100000000500170001000800410002704000250006804100390009308200130013210000320014524000470017724501420022426000600036630000210042649000240044753400560047170000380052783000310056504900090059695201170060599900170072200002573420200930024017.0110221s1977 mx r 000 0 spa d aDO-SdBNPbspacBNPHU17aspaheng2Código de idiomas MARC ann*bnn*1 aBierman Jr., Harold.95252614aThe capital budgeting decision.lEspañol13aEl presupuesto de bienes de capital :bla toma de decisiones /cHarold Bierman Jr. y Seymour Smidt ; traducción de Eduardo L. Súarez. aMéxico, D. F. :bFondo de Cultura Económica,c1977. a462 p. ;c23 cm.1 aObras de Economía aTítulo original :tThe capital budgeting decision1 aSúares, Eduardo L.,etr.952527 0aObras de Economía947014 aBNGR 001054708MOaGRbGRcCTd2011-02-21iLF1l0onn* nn*p25734-10r2020-06-25w2020-06-25y4ZPréstamo en sala c25226d25226